00807pam a2200229 a 4500001000500000005001700005020001700022040002300039050001400062082001200076100001900088245006400107260003100171300005800202505000800260520017800268521002000446521002000466650003900486650001800525700003400543244120250828150515.0 a078073003952 aDLCcDLCdDLCbeng00aTD868.M3400a625.7631 aMaestro, Betsy10aSnow day cby Betsy Maestro ; illustrated by Giulio Maestro aNew YorkbScholasticc1989 a30 unnumbered pages :bColor illustrations ; c21 cm  aF  aText and illustrations describe what happens after a major snowstorm, from plowing driveways and rescuing stranded motorists to clearing train tracks, airports, and harbors. a300 bLexile  aF bRaz-Plus  0aSnow removalxJuvenile literature. 1aSnow removal.1 aMaestro, Giulioeillustrator